Alex Stumbur
N/A
Categories
Literature - British | 0 | 2 | 0 | 0 | 20 | 71 | 85.50 | 0 | 1 |
Fine Arts - Miscellaneous | 0 | 2 | 0 | 0 | 20 | 135 | 135.50 | 0 | 0 |
RMP - Philosophy | 0 | 1 | 0 | 0 | 10 | 119 | 119.00 | 0 | 0 |
Science - Chemistry | 0 | 1 | 0 | 0 | 10 | 112 | 112.00 | 0 | 0 |
Fine Arts - Film | 0 | 1 | 0 | 0 | 10 | 142 | 142.00 | 0 | 0 |
Literature - American | 0 | 0 | 0 | 0 | 0 | 0.00 | 0 | 0 | |
Literature - European | 0 | 0 | 0 | 0 | 0 | 0.00 | 0 | 0 | |
Science - Computer Science | 0 | 0 | 0 | 0 | 0 | 0.00 | 0 | 0 | |
Fine Arts - Music | 0 | 0 | 0 | 0 | 0 | 0.00 | 0 | 0 | |
Fine Arts - Painting | 0 | 0 | 0 | 0 | 0 | 0.00 | 0 | 0 | |
History - Cross, Historiography, and Miscellaneous | 0 | 0 | 0 | 0 | 0 | 0.00 | 0 | 0 | |
History - European | 0 | 0 | 0 | 0 | 0 | 0.00 | 0 | 0 |